| 000 | 01787cam a2200409 i 4500 | ||
|---|---|---|---|
| 001 | EDZ0000174405 | ||
| 003 | StDuBDS | ||
| 005 | 20161031105229.0 | ||
| 006 | m||||||||d|||||||| | ||
| 007 | cr ||||||||||| | ||
| 008 | 131121s2012 caua fo| 001|0|eng|d | ||
| 020 |
_a9781446289082 (ebook) : _cNo price |
||
| 040 |
_aStDuBDS _beng _cStDuBDS _erda _epn |
||
| 049 | _aAlfaisal Main Library | ||
| 050 | 0 |
_aRC480 _b.P6 2012 |
|
| 082 | 0 | 4 |
_a616.8914 _223 |
| 245 | 0 | 4 |
_aThe pocket guide to therapy : _ba 'how to' of the core models / _cStephen Weatherhead & Graeme Flaherty-Jones. |
| 264 | 1 |
_aLos Angeles, California : _bSAGE, _c2012. |
|
| 300 |
_a1 online resource (xi, 258 pages) : _billustrations (black and white) |
||
| 336 |
_atext _2rdacontent |
||
| 336 |
_astill image _2rdacontent |
||
| 337 |
_acomputer _2rdamedia |
||
| 338 |
_aonline resource _2rdacarrier |
||
| 504 | _aIncludes bibliographical references and index. | ||
| 520 | 8 | _aTrainees in all mental health professions need basic knowledge of the key therapeutic approaches in counselling and psychotherapy. 'The Pocket Guide to Therapy' is therefore the essential companion, placing specific emphasis on practical application to guide the reader in the 'how to' of conducting each therapeutic model. | |
| 521 | _aSpecialized. | ||
| 588 | _aDescription based on print version record. | ||
| 650 | 0 | _aPsychotherapy. | |
| 650 | 0 | _aCounseling. | |
| 655 | 7 |
_aElectronic books. _2local |
|
| 700 | 1 |
_aWeatherhead, Stephen, _eeditor of compilation. |
|
| 700 | 1 |
_aFlaherty-Jones, Graeme, _eeditor of compilation. |
|
| 710 | 2 | _aSage eBooks | |
| 776 | 0 | 8 |
_iPrint version : _z9780857024923 |
| 856 | 4 | 0 | _uhttp://ezproxy.alfaisal.edu/login?url=http://sk.sagepub.com/books/the-pocket-guide-to-therapy |
| 942 |
_2lcc _cEBOOKS |
||
| 999 |
_c482235 _d482235 |
||